The agent in love /

Hlavní autor: Pivovarov, Viktor, 1937-
Korporativní autor: Muzej sovremennogo iskusstva "Garaž" (Moskva, Rusko)
Další autoři: Bromfield, Andrew
Jazyk: Angličtina
Vydáno: Moscow : Artguide s.r.o. for Garage Museum of Contemporary Art, 2019
Edice: Artists write
Témata:
Fyzický popis: 371 stran : ilustrace (převážně barevné), portréty ; 20 cm
Knihy
Uloženo v:
LEADER 02592nam a2200685 i 4500
001 nkc20172877957
003 CZ PrNK
005 20190906075404.0
007 ta
008 170201s2019 xr ac e 001 0aeng
015 |a cnb002877957 
020 |a 978-80-906714-3-0  |q (Artguide ;  |q brožováno) 
035 |a (OCoLC)1119028816 
040 |a OLA001  |b cze  |e rda 
041 1 |a eng  |h rus 
043 |a e-ru---  |a e-xr--- 
045 |a x3y1 
072 7 |a 75  |x Malířství  |2 Konspekt  |9 21 
072 7 |a 929  |x Biografie  |2 Konspekt  |9 8 
080 |a 75.071.1  |2 MRF 
080 |a 001.83-027.22  |2 MRF 
080 |a 929  |2 MRF 
080 |a (470+571)  |2 MRF 
080 |a (437.3)  |2 MRF 
080 |a (092)  |2 MRF 
100 1 |a Pivovarov, Viktor,  |d 1937-  |7 jn20000720229  |4 aut  |4 ill 
245 1 4 |a The agent in love /  |c Viktor Pivovarov ; translated by Andrew Bromfield 
264 1 |a Moscow :  |b Artguide s.r.o. for Garage Museum of Contemporary Art,  |c 2019 
300 |a 371 stran :  |b ilustrace (převážně barevné), portréty ;  |c 20 cm 
336 |a text  |b txt  |2 rdacontent 
337 |a bez média  |b n  |2 rdamedia 
338 |a svazek  |b nc  |2 rdacarrier 
490 1 |a Artists write 
500 |a Přeloženo z ruštiny 
500 |a Na obálce pod názvem: Garage 
500 |a Správné místo vydání: Praha 
500 |a Obsahuje rejstřík 
600 1 7 |a Pivovarov, Viktor,  |d 1937-  |7 jn20000720229  |2 czenas 
648 4 |a 1937-2017 
648 7 |a 20.-21. století  |7 ch462155  |2 czenas 
648 7 |a 20. století  |7 ch460558  |2 czenas 
650 0 7 |a malíři  |7 ph122596  |z Rusko  |y 20.-21. století  |2 czenas 
650 0 7 |a malíři  |7 ph122596  |z Česko  |y 20.-21. století  |2 czenas 
650 0 7 |a intelektuální život  |7 ph137688  |z Rusko  |y 20. století  |2 czenas 
650 0 7 |a intelektuální život  |7 ph137688  |z Česko  |y 20.-21. století  |2 czenas 
650 0 9 |a painters  |z Russia  |y 20th-21st centuries  |2 eczenas 
650 0 9 |a painters  |z Czechia  |y 20th-21st centuries  |2 eczenas 
650 0 9 |a intellectual life  |z Russia  |y 20th century  |2 eczenas 
650 0 9 |a intellectual life  |z Czechia  |y 20th-21st centuries  |2 eczenas 
655 7 |a autobiografie  |7 fd131855  |2 czenas 
655 9 |a autobiography  |2 eczenas 
700 1 |a Bromfield, Andrew  |7 xx0218173  |4 trl 
710 2 |a Muzej sovremennogo iskusstva "Garaž" (Moskva, Rusko)  |7 ko2018981320  |4 isb 
830 0 |a Artists write  |0 s 
910 2 |a BOA001  |b 1-1432.555 
928 9 |a Garage Museum of Contemporary Art 
990 |a BK 
995 |a 01 
991 |b 201909  |c NOV 
996 6 |b 2610792202  |c 1-1432.555  |l MZK  |r Sklad / do 1 hodiny  |n 0  |p p.v.  |w 001749784  |u 000010  |a 1  |e BOA001  |j MZK50  |s P